PANDUAN PENIAGA KECIL / (Record no. 2976)

000 -LEADER
fixed length control field nam a22 a 4500
003 - CONTROL NUMBER IDENTIFIER
control field AKMAL
005 - DATE AND TIME OF LATEST TRANSACTION
control field 20170519083220.0
008 - FIXED-LENGTH DATA ELEMENTS--GENERAL INFORMATION
fixed length control field 170519s20162015my g a000 0 may d
020 ## - INTERNATIONAL STANDARD BOOK NUMBER
International Standard Book Number 9789836257772
Qualifying information paperback
Terms of availability RM12.00
040 ## - CATALOGING SOURCE
Original cataloging agency AKMAL
082 04 - DEWEY DECIMAL CLASSIFICATION NUMBER
Classification number 658.022 MAH
Edition number 3
090 20 - LOCALLY ASSIGNED LC-TYPE CALL NUMBER (OCLC); LOCAL CALL NUMBER (RLIN)
Classification number (OCLC) (R) ; Classification number, CALL (RLIN) (NR) 658.022
Local cutter number (OCLC) ; Book number/undivided call number, CALL (RLIN) MAH
100 0# - MAIN ENTRY--PERSONAL NAME
Personal name Mahathir Mohamad,
Titles and words associated with a name Tun,
Dates associated with a name 1925-
Relator term author.
9 (RLIN) 41
245 10 - TITLE STATEMENT
Title PANDUAN PENIAGA KECIL /
Statement of responsibility, etc. DR. MAHATHIR BIN MOHAMAD
250 ## - EDITION STATEMENT
Edition statement Edisi Kedua
264 #1 - PRODUCTION, PUBLICATION, DISTRIBUTION, MANUFACTURE, AND COPYRIGHT NOTICE
Place of production, publication, distribution, manufacture Kuala Lumpur :
Name of producer, publisher, distributor, manufacturer Dewan Bahasa dan Pustaka,
Date of production, publication, distribution, manufacture, or copyright notice 1986
264 #4 - PRODUCTION, PUBLICATION, DISTRIBUTION, MANUFACTURE, AND COPYRIGHT NOTICE
Date of production, publication, distribution, manufacture, or copyright notice ©2015
300 ## - PHYSICAL DESCRIPTION
Extent xiii, 85 pages :
Other physical details illustration ;
Dimensions 22 cm
650 10 - SUBJECT ADDED ENTRY--TOPICAL TERM
Topical term or geographic name entry element Small business
Geographic subdivision Malaysia
9 (RLIN) 200
942 ## - ADDED ENTRY ELEMENTS (KOHA)
Source of classification or shelving scheme
Koha item type Book
Holdings
Withdrawn status Lost status Source of classification or shelving scheme Damaged status Not for loan Collection code Home library Current library Shelving location Date acquired Inventory number Total Checkouts Full call number Barcode Date last seen Price effective from Koha item type
          NON-FICTION AKMAL Melaka AKMAL Melaka PINJAMAN 19.05.2017 602173   658.022 MAH 201703773 19.05.2017 19.05.2017 Book
Pusat Sumber Maklumat Dato' Haji Sarmin Md Hussin, Akademi Kastam Diraja Malaysia, Melaka
Tel: 06-2331106 | Faks: 06-2313787